000
00287nam a22001217a 4500
003
SGT
082
_a
616.385
_b
T01R
100
_a
RUSCELLO, DENNIS M.
245
_a
TESTS AND MEASUREMENT IN SPEECH LANGUAGE PATHOLOGY
260
_a
BOSTON
_b
BH PUB
_c
2001
300
_a
239
942
_2
ddc
_c
BK
999
_c
14834
_d
14834